000 00645nam a22001817a 4500
003 BD-DhUL
005 20180516131548.0
008 180516s0000 ii ||||| |||| 00| 0 ben d
040 _aBD-DhUL
_cBD-DhUL
082 _a891.443
_bNIA
100 1 _aনির্মল ।
245 1 0 _aআগামী দিনের গল্প সংগ্রহ /
_cনির্মল ।
260 _aকলিকাতা :
_bরক্তস্বাক্ষর,
_c০০০০ ।
300 _a৩৫২ পৃ. ;
_c২১ সেমি
650 0 _aবাংলা উপন্যাস ।
650 0 _aBengali fiction.
942 _2ddc
_cBK
999 _c241316
_d241316